Statistiques concernant Equipes football américain n'ayant jamais gagné de Super Bowl

Cliquez ici pour prendre le quiz!

Statistiques générales

  • Ce quiz a été pris 40 fois
  • Le résultat moyen est 7 sur 12

Statistiques - réponses

Answer % Correct
Atlanta Falcons
76%
Cleveland Browns
68%
Houston Texans
68%
Jacksonville Jaguars
65%
Buffalo Bills
62%
San Diego/Los Angeles Chargers
62%
Detroit Lions
62%
Minnesota Vikings
59%
Carolina Panthers
59%
Saint Louis/Phoenix/Arizona Cardinals
56%
Tennessee Titans
53%
Cincinnati Bengals
47%

Distribution des résultats

Percentile par nombre de réponses

% des personnes avec chaque résultat

Votre développement - résultats

Vous n’avez pas pris ce quiz